Statistiques concernant Pays commençant par B (avec indices continentaux)

Cliquez ici pour prendre le quiz!

Statistiques générales

  • Ce quiz a été pris 473 fois
  • Le résultat moyen est 14 sur 18

Statistiques - réponses

Réponse% Correct
Belgique
92%
Bolivie
92%
Bhoutan
88%
Birmanie
84%
Belize
83%
Brésil
83%
Bulgarie
82%
Biélorussie
81%
Botswana
81%
Bahamas
79%
Bénin
79%
Burundi
79%
Bangladesh
76%
Bosnie-
Herzégovine
76%
Bahreïn
75%
Barbade
74%
Burkina Faso
71%
Brunei
69%

Distribution des résultats

Percentile par nombre de réponses

% des personnes avec chaque résultat

Votre développement - résultats

Vous n’avez pas pris ce quiz